Week 4 CFB AP Poll - Statistics

General Stats
  • This quiz has been taken 53 times
  • The average score is 10 of 28
Answer Stats
Rank Team % Correct
1 Ohio State
100%
2 Penn State
76%
3 LSU
60%
5 Georgia
51%
8 Texas
47%
6 Oregon
40%
10 Texas A&M
38%
9 Illinois
36%
4 Miami (FL)
33%
15 Tennessee
31%
14 Alabama
29%
7 Florida State
29%
21 Michigan
29%
24 Notre Dame
29%
13 Ole Miss
29%
DROPPED OUT Clemson
27%
18 Georgia Tech
27%
19 Indiana
27%
11 Oklahoma
27%
DROPPED OUT South Florida
27%
17 Texas Tech
27%
12 Iowa State
24%
25 USC
24%
16 Utah
24%
23 Missouri
22%
DROPPED OUT South Carolina
20%
20 Vanderbilt
20%
22 Auburn
18%
No matching quizzes found
Score Distribution
Percent of People with Each Score
Percentile by Number Answered
Your Score History
You have not taken this quiz